Prof. G Ram Reddy Library

Handbook of universities (Record no. 85455)

MARC details
000 -LEADER
fixed length control field 00607nam a2200205Ia 4500
003 - CONTROL NUMBER IDENTIFIER
control field LDD
008 - FIXED-LENGTH DATA ELEMENTS--GENERAL INFORMATION
fixed length control field 181029s9999 xx 000 0 und d
020 ## - INTERNATIONAL STANDARD BOOK NUMBER
International Standard Book Number 9788126910755
Terms of availability 4500.00
040 ## - CATALOGING SOURCE
Transcribing agency LDD
100 ## - MAIN ENTRY--PERSONAL NAME
Personal name Gupta, Amita
245 #0 - TITLE STATEMENT
Title Handbook of universities
Remainder of title includes universities, deemed universities, colleges,
Statement of responsibility, etc. Amita Gupta
250 ## - EDITION STATEMENT
Edition statement 2nd ed
260 ## - PUBLICATION, DISTRIBUTION, ETC.
Place of publication, distribution, etc. New Delhi
Name of publisher, distributor, etc. Atlantic
Date of publication, distribution, etc. 2009
300 ## - PHYSICAL DESCRIPTION
Extent 3v.
365 ## - TRADE PRICE
Price amount 4500.00
901 ## - LOCAL DATA ELEMENT A, LDA (RLIN)
a 4974
b 16-03-2009
902 ## - LOCAL DATA ELEMENT B, LDB (RLIN)
a UBS 8725
b 17-03-2009
c F
d UPPAL
e 2
903 ## - LOCAL DATA ELEMENT C, LDC (RLIN)
a Discount-15
b Reqst by : Uma Kanjilal
942 ## - ADDED ENTRY ELEMENTS (KOHA)
Source of classification or shelving scheme Dewey Decimal Classification
Koha item type Books
Holdings
Withdrawn status Lost status Source of classification or shelving scheme Materials specified (bound volume or other part) Damaged status Not for loan Home library Current library Total Checkouts Full call number Barcode Date last seen Price effective from Koha item type
No   Dewey Decimal Classification v.3.     Library and Documentation Division Library and Documentation Division   378.0025 H191-2 068789 11/01/2018 11/01/2018 Books

© Prof. G Ram Reddy Centre Library, Indira Gandhi National Open University, Maidan Garhi, New Delhi, 110068
+91-011-29532797 | FAX+91-011-29533393 |